000 00579nam a22002297a 4500
003 UA-OsUOA
001 100668
007 ta
008 20130529b un ||||| |||| 00| 0 ukr d
100 _aФолкнер Уилиям
090 _a821.111(73)
_bФ75
942 _cBK
040 _aUA-OsUOA
_brus
_cUA-OsUOA
_dUA-OsUOA
245 _aОсобняк
300 _a448 с.
955 _a3
041 _arus
080 _a821.111(73)
260 _aМ.
_bПравда
_c1982
650 7 _a82 Література. Літературознавство
_2UDC
999 _c386832
_d386832